Slovenská politika po Kotlebovi

Aktuálne dianie na Slovensku - podpora krajnej pravice. Kotlebova Ľudová strana Naše Slovensko. Príčiny zvolenia Kotlebu za župana. Miešanie pojmov. Špecifikum Slovenska a ako na to.

Enregistré dans:
Détails bibliographiques
Auteur principal: Petková, Zuzana
Format: Chapitre de livre
Langue:slovaque
Sujets:
Tags: Ajouter un tag
Pas de tags, Soyez le premier à ajouter un tag!

MARC

LEADER 00000naa a2200000 4500
001 0182759
005 20231113100816.4
041 0 |a slo 
044 |a SK 
245 1 0 |a Slovenská politika po Kotlebovi  |c Zuzana Petková 
520 |a Aktuálne dianie na Slovensku - podpora krajnej pravice. Kotlebova Ľudová strana Naše Slovensko. Príčiny zvolenia Kotlebu za župana. Miešanie pojmov. Špecifikum Slovenska a ako na to. 
610 2 0 |a politika 
610 2 0 |a strany politické 
610 2 0 |a extrémizmus 
610 2 0 |a menšiny národnostné 
610 2 0 |a Slovensko 
100 1 |a Petková, Zuzana